| 000 | 00597nam a22001817a 4500 | ||
|---|---|---|---|
| 005 | 20131220125319.0 | ||
| 010 | _aENG-108920 | ||
| 020 |
_a9788120348431 _c225.00 |
||
| 035 | _aEN-92453 | ||
| 037 | _bDBAD/PUB | ||
| 100 | _aGhosh, Karuna Moy | ||
| 245 |
_aPrestressed concrete : _cby Karuna Moy Ghosh _banalysis and design practice of members / |
||
| 260 |
_aNew Delhi _bPHI Learning _c2014 |
||
| 270 |
_aRimjhim House,111, Patparganj Industrial Estate, _bNew Delhi _e110092 |
||
| 300 |
_axvi, 183p. _c24cm(pbk) |
||
| 500 | _a Includes index. | ||
| 942 |
_2ddc _cEN _mGHO _h620.13 |
||
| 999 |
_c81317 _d81317 |
||